Statistics for Guess the Car Manufacturer by the Picture

Click here to take the quiz!

General Stats

  • This quiz has been taken 45 times
  • The average score is 12 of 16

Answer Stats

Answer% Correct
BMW
95%
Toyota
95%
Ford
93%
Kia
90%
Rolls Royce
90%
Mazda
88%
Porsche
88%
Renault
88%
Volkswagen
85%
Chevrolet
80%
Peugeot
78%
Hyundai
68%
Jaguar
68%
Citroën
66%
Chrysler
49%
Buick
27%

Score Distribution

Percentile by Number Answered

Percent of People with Each Score

Your Score History

You have not taken this quiz